| 000 | 00356nam a2200133Ia 4500 | ||
|---|---|---|---|
| 008 | 230917s9999||||xx |||||||||||||| ||und|| | ||
| 040 |
_e108697 _aMAIN |
||
| 041 | _aEnglish | ||
| 082 | _a610 R148E | ||
| 100 | _aRampal, Mukesh | ||
| 245 | 0 | _aEstimation of total blood thiols and plasma malondialdehyde levels in vitligo | |
| 300 | _a87, v p. | ||
| 942 | _cTH | ||
| 999 |
_c89336 _d89336 |
||